000155584 001__ 155584 000155584 005__ 20250516084506.0 000155584 037__ $$aTAZ-TFG-2022-3086 000155584 041__ $$aspa 000155584 1001_ $$aLeal Monteiro, Jenilce 000155584 24200 $$aThe OEPM and censorship in trade mark registration. 000155584 24500 $$aLa OEPM y la censura en el registro de marcas. 000155584 260__ $$aZaragoza$$bUniversidad de Zaragoza$$c2022 000155584 506__ $$aby-nc-sa$$bCreative Commons$$c3.0$$uhttp://creativecommons.org/licenses/by-nc-sa/3.0/ 000155584 520__ $$aEn el presente trabajo se analiza cual es la posición adoptada por la Oficina Española de Patentes y Marcas en el registro de marcas «malsonantes», considerando que se tratan de una contravención al orden público y a las buenas costumbres. A estos efectos en primer lugar, deberemos delimitar que se entiende por estos conceptos, para posteriormente poder enjuiciar con la debida exactitud si se trata o no de un atentado contra la libertad de expresión.<br /> 000155584 521__ $$aGraduado en Derecho 000155584 540__ $$aDerechos regulados por licencia Creative Commons 000155584 700__ $$aLargo Gil, Rita$$edir. 000155584 7102_ $$aUniversidad de Zaragoza$$bDerecho de la Empresa$$cDerecho Mercantil 000155584 8560_ $$f779554@unizar.es 000155584 8564_ $$s353751$$uhttps://zaguan.unizar.es/record/155584/files/TAZ-TFG-2022-3086.pdf$$yMemoria (spa) 000155584 909CO $$ooai:zaguan.unizar.es:155584$$pdriver$$ptrabajos-fin-grado 000155584 950__ $$a 000155584 951__ $$adeposita:2025-05-16 000155584 980__ $$aTAZ$$bTFG$$cDER 000155584 999__ $$a20220706005701.CREATION_DATE